Sports Quiz

Random Sports Quiz
Score 0/23 Timer 10:00
0 Plays Today
Position Player's Name % Correct
DefenderLa' Vere Corbin-Ong
80%
DefenderDenis-Roy Simdorn
60%
DefenderManuel Kraft
60%
MidfielderNick Losel
60%
MidfielderGints Freimanis
60%
GoalkeeperStefan Schmidt
40%
DefenderMarco Kroger
40%
MidfielderChristian Gutjahr
40%
MidfielderPatrick Henkel
40%
MidfielderFrank Rohde
40%
DefenderKarlo Wruske
0%
DefenderBill Ratz
0%
Position Player's Name % Correct
MidfielderDavid Gurski
0%
MidfielderChristian Hildebrandt
0%
MidfielderFelix Gorgas
0%
MidfielderJan Ehlert
0%
MidfielderFelix Drecoll
0%
MidfielderDavid Malamura
0%
StrikerAlexander Ost
0%
StrikerRico Gohlke
0%
StrikerPatrick Kuhn
0%
StrikerNaofumi Tsukiyama
0%
StrikerMichael Putzki
0%
Remove Ads.
Support Sporcle.
Get the best of Sporcle when you Go Orange. This ad-free experience offers more features, more stats, and more fun while also helping to support Sporcle. Thank you for becoming a member.

You're not logged in!

Compare scores with friends on all Sporcle quizzes.
OR
Log In

Show Comments

Extras

Created Jul 17, 2012SourceReportNominate
Tags:Nationality, Player, Squad

Top Quizzes Today


Score Distribution

Your Account Isn't Verified!

In order to create a playlist on Sporcle, you need to verify the email address you used during registration. Go to your Sporcle Settings to finish the process.

Report this User

Report this user for behavior that violates our Community Guidelines.

Details: